00506 a2200157 450000500170000001000150001702000260003203500140005803700090007208200080008110000200008924500760010926000260018527001190021130000180033020240709124812.0 aENG-140843 a9789391121136c395.00 aEN-124375 bDBAD a000 aEditorial Board aIndian Navy Agniveer Senior Secondary Recruits SSR/cby Editorial Board aAgrabUpkar Prakashan a2/11A, Swadeshi Bima Nagar, bAgrae282-002k2530966, 2531101, 3208693/94l(0562) 2531940minfo@upkarprakashan.com avppc27cm(pb)